00615nam a22001697a 4500003000900000005001700009008004100026040002800067082001800095100003800113245011000151260004600261300002700307504005300334650002100387700003700408DO-CoUTE20260507132058.0260507b dr ||||| |||| 00| 0 spa d aDO-CoUTEbspacDO-CoUTE aRD801.93R789M1 aCandelier Rosario, Bruno eAutor 10aMetafísica de la sensibilidad Psicoanálisis de la intuición estética / cBruno Rosario Candelier  aRepública Dominicana ; bAteneo, c2018 a485 Paginas : c23cm,  aIncluye referencia bibliográfica e índice.  4apsicoanálisis 1 aBruno Rosario Candelier eAutor